000 00283nam a2200097Ia 4500
001 1300232
005 20260420095900.0
008 260420s9999 xx 000 0 und d
245 0 _aCAN İLE CANAN - KARDEŞİMİZİ SEVİYORUZ
_cNEFİSE ATÇAKARLAR
260 _bTİMAŞ ÇOCUK YAYINLARI
999 _c1300232
_d1300232